| 000 | 00981nam a22003017a 4500 | ||
|---|---|---|---|
| 001 | 5183 | ||
| 003 | FISKH | ||
| 005 | 20241118113505.0 | ||
| 008 | 241118b cb ||||| |||| 00| 0 eng d | ||
| 020 | _a9780395740552 | ||
| 040 |
_aFISKH _beng _cFISKH _dFISKH |
||
| 050 | _aPZ7.R56564 | ||
| 082 | _a335 | ||
| 100 |
_aRobinson, Fay _d(1943-) |
||
| 245 |
_aRaccoon and lizard take a hike / _cby Fay Robinson illustrated by Fahima Amiri |
||
| 250 | _a1996 | ||
| 260 |
_aBoston : _bWatch me Read, _c1996. |
||
| 300 |
_a16 pages : _bColor illustrations ; _c23 cm |
||
| 505 | _aG | ||
| 520 | _aOne day Raccoon asked lizard for a hike and at the end of a day when they came back to their house lizard got an experience about the new thing but not for the raccoon. | ||
| 521 | 8 |
_a380L
_bLexile |
|
| 521 | 8 |
_aG
_bRaz-Plus |
|
| 650 |
_2Animals _aAdventure |
||
| 650 |
_2Friendship _aRaccoons |
||
| 700 |
_aAmiri, Fahima _dIllustrator |
||
| 942 |
_2ddc _cBK _n0 |
||
| 999 |
_c5183 _d5183 |
||